000 00587nam a2200193 i 4500
001 bg
100 1 _aFLAGROWSKA, Ludmiła
245 0 _aMetoda wyznaczania zakresu widoczności dla potrzeb architektury krajobrazu /
_cLudmiła Flagrowska.
260 _aKraków :
_bPolit. Krakowska,
_c1981.
300 _as. 88 :
_brys., ilustr., tabl. [w tym] nlb. 1.
490 1 _aZeszyt Naukowy ;
_vNr 4
504 _a[Zawiera bibliogr. s. 82-83].
830 _aZeszyt Naukowy ;
040 _cBPK
041 _apol
080 _a712
942 _cKS
008 s pl f |000 0 pol
999 _c20525
_d20525
856 _uhttp://koha.tu.koszalin.pl/cgi-bin/koha/opac-detail.pl?biblionumber=20525
_yKatalog online BPK